Los Antiguos esclavones, ó, Las bodas de los morlacos : (Record no. 137344)

MARC details
000 -CABECERA
campo de control de longitud fija 02396nam a2200445 a 4500
001 - NÚMERO DE CONTROL
campo de control 991052445259706706
003 - IDENTIFICADOR DEL NÚMERO DE CONTROL
campo de control ES-BaIT
005 - FECHA Y HORA DE LA ÚLTIMA TRANSACCIÓN
campo de control 20260401123614.0
008 - DATOS DE LONGITUD FIJA--INFORMACIÓN GENERAL
campo de control de longitud fija 970915s1806 spc|||||| 000 ||spa|c
026 ## - IDENTIFICADOR DE HUELLA DIGITAL
Huella digital no analizada t.i. dei- enu- díen 3 [1806?] Q
Fuente fei
035 ## - NÚMERO DE CONTROL DEL SISTEMA
Número de control de sistema (ES-BaCBU).b38523942
035 ## - NÚMERO DE CONTROL DEL SISTEMA
Número de control de sistema (OCoLC)1044418668
040 ## - FUENTE DE LA CATALOGACIÓN
Centro catalogador/agencia de origen ES-BaCBU
Lengua de catalogación cat
Centro/agencia transcriptor ES-BaCBU
080 ## - NÚMERO DE LA CLASIFICACIÓN DECIMAL UNIVERSAL
Número de la Clasificación Decimal Universal 850-2"18"
100 ## - ENTRADA PRINCIPAL--NOMBRE DE PERSONA
Nombre de persona Ronzi, Gaspare
9 (RLIN) 97631
245 14 - MENCIÓN DE TÍTULO
Título Los Antiguos esclavones, ó, Las bodas de los morlacos :
Resto del título bayle pantomimo en tres actos : de la composicion del Sr. Gaspar Ronzi
246 3# - FORMA VARIANTE DE TÍTULO
Título propio/Titulo breve Las Bodas de los morlacos
246 3# - FORMA VARIANTE DE TÍTULO
Título propio/Titulo breve Baile pantomimo en tres actos
260 ## - PUBLICACIÓN, DISTRIBUCIÓN, ETC.
Lugar de publicación, distribución, etc. [Barcelona] :
Nombre del editor, distribuidor, etc. por Francisco Generas,
Fecha de publicación, distribución, etc. [ca. 1806]
300 ## - DESCRIPCIÓN FÍSICA
Extensión 24 p.;
Dimensiones 15 cm
500 ## - NOTA GENERAL
Nota general A portada: Para executarse en el Teatro de la M. I. ciudad de Barcelona en el verano del año de 1806
500 ## - NOTA GENERAL
Nota general Lloc obtingut a partir del nom de l'impressor
500 ## - NOTA GENERAL
Nota general Data aprox. deduïda de l'any de representació de l'obra
500 ## - NOTA GENERAL
Nota general Signatures: []4, **8
500 ## - NOTA GENERAL
Nota general P9: D2, H7 i altres
500 ## - NOTA GENERAL
Nota general Inclou repartiment
530 ## - NOTA DISPONIBLE DE FORMULARIO FÍSICO ADICIONAL
Nota de formato físico adicional disponible Reproducció digital disponible a Biblioescènic
593 ## - Camps col·lecció exemplar
Signatura topogràfica i/o núm. de registre VIT-059/06
Notes Enquadernació holandesa amb puntes, en color blau, guardes marbrejades. Anotació numèrica "37?" a l'angle superior dret de la portada. Exemplar guillotinat. Etiqueta d'antic topogràfic Vitrina A Estante 2 en full de guarda volant anterior. Relligat en volum factici, títol al llom: Entremeses raros VI
Història de l’exemplar. Procedència Ex-libris de la Colección teatral Arturo Sedó a la contracoberta anterior. Segell de la Colección teatral Arturo Sedó a portada. Llistat manuscrit al full de guarda anterior de les obres que conté el volum
Digitalització Exemplar digitalitzat per Crossland, 2022
Nom de la col·lecció especial Artur Sedó
650 #0 - PUNTO DE ACCESO ADICIONAL DE MATERIA--TÉRMINO DE MATERIA
Término de materia o nombre geográfico como elemento de entrada Pantomima
Subdivisión general Arguments, trames, etc
9 (RLIN) 97633
700 1# - ENTRADA AGREGADA--NOMBRE PERSONAL
Nombre de persona Generas, Francesc,
Fechas asociadas al nombre 1754-aproximadament 1821
9 (RLIN) 66023
730 0# - ENTRADA AGREGADA--TÍTULO UNIFORME
Título uniforme Col·lecció digital Biblioescènic del MAE
9 (RLIN) 69172
752 ## - ENTRADA AGREGADA--NOMBRE JERÁRQUICO DEL LUGAR
País o entidad superior Catalunya
Ciudad Barcelona
856 41 - LOCALIZACIÓN Y ACCESO ELECTRÓNICOS
Nota pública Accés lliure (Biblioescènic)
Identificador Uniforme del Recurso <a href="https://books.cdmae.cat/visorpdf/?recurs=SV0059-06">https://books.cdmae.cat/visorpdf/?recurs=SV0059-06</a>
856 42 - LOCALIZACIÓN Y ACCESO ELECTRÓNICOS
Nota pública Fitxa del catàleg manual
Identificador Uniforme del Recurso <a href="https://www.cdmae.cat/sedo/imgtitulos/005/P0000561.gif">https://www.cdmae.cat/sedo/imgtitulos/005/P0000561.gif</a>
902 ## - ELEMENTOS DE DATOS B LOCAL, LDB (RLIN)
a Patrimoni
902 ## - ELEMENTOS DE DATOS B LOCAL, LDB (RLIN)
a Fons antic
907 ## - ELEMENTOS DE DATOS G LOCAL, LDG (RLIN)
a .b38523942
b 23-06-21
c 13-05-08
d 15-09-97
e m
f a
g p
h spa
i spc
j 4
k 2
908 ## - COLOCAR PARÁMETRO DE COMANDO (RLIN)
Colocar parámetro de comando BPEB
-- CDMAE
942 ## - ELEMENTOS DE ENTRADA AGREGADA (KOHA)
Fuente del sistema de clasificación o colocación Clasificación decimal universal
Tipo de ítem Koha Digital
Holdings
Estado de retiro Estado de pérdida Fuente del sistema de clasificación o colocación Estado dañado No para préstamo Código de colección Localización permanente Ubicación/localización actual Ubicación en estantería Fecha de adquisición Fuente de adquisición Total de préstamos Signatura topográfica completa Código de barras Fecha visto por última vez Precio válido a partir de Tipo de ítem Koha
    Clasificación decimal universal   Exclòs de préstec Artur Sedó Biblioteca Barcelona Biblioteca Barcelona BCN Magatzem Sedó Vitrina 01/04/2026 Reconversió   VIT-059/06 100059065 01/04/2026 01/04/2026 Antiquària

Powered by Koha